000 00616nam a2200217Ia 4500
003 OSt
005 20220925231257.0
006 a|||||r|||| 00| 0
007 ta
008 220923b |||||||| |||| 00| 0 eng d
037 _cGeneral Book
040 _aRTL
_cRTL
_beng
041 _2eng
_aeng
082 _aY:5.2sN61, L3.9-X-(I)
100 _aCENSUS OF INDIA 1961
245 0 _aCENSUS OF INDIA,1961
260 _aMADRAS
_bGovernment Press
_c1961
490 _vV9: Madras city report
942 _hY:5.2sN61, L3.9-X-(I)
_cGB
_2CC
999 _c587951
_d587951